000 02817nam0a2200409 4500
001 RU\NLR\BIBL_A\022678209
005 20260209174034.0
010 _a978-5-907912-10-6
021 _aRU
_bАЛ-П-25-00919и
_9АЛ-П-25-0184
035 _a(NLR Aleph) 022678209
090 _a13547585
_c13547585
100 _a20251203d2024 k y0rusy50 ca
101 0 _arus
102 _aRU
105 _aac b 110zy
181 0 _ab3
_b b2e
181 0 _ai1
_b ххe
182 0 _an
200 1 _aНевесомость. Александр Лабас о скорости, прогрессе и любви
_e[альбом-каталог к выставке
_eк 125-летию Александра Лабаса]
_fМинистерство культуры и туризма Московской области, Музей "Новый Иерусалим"
_g[авторы статей: Александр Балашов и др.
_gредактор: Ольга Мещерякова]
203 _aИзображение
_aТекст
_bвизуальные
_cнепосредственные
210 _aИстра, Моск. обл.
_cМузей "Новый Иерусалим"
_aСанкт-Петербург
_cТипография "НП-Принт"
_d2024
215 _a251 с.
_cцв. ил., портр.
_d24
320 _aБиблиогр. в подстроч. примеч.
517 1 _aАлександр Лабас о скорости, прогрессе и любви
600 1 _aЛабас
_bА. А.
_f1900 - 1983
_gАлександр Аркадьевич
_jКаталоги
_xВыставки
_yИстра, город (Московская область)
_z2024 - 2025
_92695802
_3RU\NLR\AUTH\6601765900
601 0 2 _a"Новый Иерусалим", историко-архитектурный и художественный музей
_cИстра, город; Московская область
_jКаталоги
_xВыставки
_z2024 - 2025
_92695803
_3RU\NLR\AUTH\6601765901
686 1 _aЩ101.3(2Р)-2Москва9Истра л62
686 1 _aЩ143(2Р=Рус)7-8Лабас л62
702 1 _4040
_7ca
_8rus
_aЛабас
_bА. А.
_f1900-1983
_gАлександр Аркадьевич
_9126781
_3RU\NLR\AUTH\770126800
702 1 _aМещерякова
_bО.
_gОльга
_4340
711 1 2 _a"Невесомость. Александр Лабас о скорости, прогрессе и любви", выставка
_eИстра
_f2024-2025
_92689464
_3RU\NLR\AUTH\880636236
712 0 2 _4557
_a"Новый Иерусалим", государственный историко-художественный музей
_cИстра
_9824016
_3RU\NLR\AUTH\880579181
942 _cBOOK
980 _aNB